00769nam a2200229 a 450000100060000000300080000600500170001400800410003102000320007203500190010404000350012304100080015808200360016611000360020224500950023826000240033330000350035749000280039250000320042065000590045283000280051162052BD-RjUL20211209081034.0170122s2002 bg 00010 eng d a9845084613c: Complimentary a(BD-RjUL)62177 aBD-RjULbengdBD-RjULcBD-RjUL aeng 223a630.95492021bMYM 2002 (ZS) aBangladesh Bureau of Statistics aCensus of Agriculture - 1996 :bZila Series: Mymensingh /cBangladesh Bureau of Statistics aDhaka :bBBS,c2002 axiv, 547 p. : bIll. ;c28 cm. aZila Series: Mymensingh aChiefly statistical tables. aAgriculturezMymensinghzBangladeshvStatistics.y1996 aZila Series: Mymensingh